Granulátor partikulárneho materiálu s matricou

Bibliographic Details
Corporate Author: Slovenská technická univerzita v Bratislave (Patent holder)
Other Authors: Peciar, Peter (Originator), Fekete, Roman, 1963- (Originator), Peciar, Marián, 1957- (Originator), Macho, Oliver, 1990- (Originator)
Format: Book
Language:Slovak
PhysicalDescription:10 s. obr. 30 cm
Published: [Banská Bystrica] Úrad priemyselného vlastníctva SR [2020]
Subjects:

MARC

LEADER 00000nam a2200000 a 4500
001 vtls011972837
003 SK-MaSNL
005 20260417215512.0
008 200609s2020 xo a j f000 0 slo
013 |a 288754  |b xo  |c patent  |d 20200316  |e dátum sprístupnenia patentu 
013 |a 124-2017  |e číslo prihlášky  |d 20171208  |e dátum podania prihlášky  |d 20190702  |e dátum zverejnenia prihlášky (Vestník ÚPV SR č.: 05/2020) 
040 |a SNK  |b slo  |c SNK  |e AACR2 
041 0 |a slo 
044 |a xo  |c SK 
072 7 |a 62  |x Technika všeobecne  |2 konspekt 
080 |a 62:338.45  |2 2011 
084 |a B01J 2/00 
084 |a B30B 11/00 
084 |a B29B 9/00 
084 |a B01F 7/00 
100 1 |a Peciar, Peter  |4 org  |9 439607 
245 1 0 |a Granulátor partikulárneho materiálu s matricou  |c Peter Peciar... [et al.] 
260 |a [Banská Bystrica]  |b Úrad priemyselného vlastníctva SR  |c [2020] 
300 |a 10 s.  |b obr.  |c 30 cm 
650 0 7 |a priemyselné technológie  |2 SNKPH  |9 68817 
650 0 7 |a Industrial technologies  |2 SNKPHeng  |9 340390 
655 7 |a patenty  |2 SNKPH  |9 177343 
655 7 |a patent licenses  |2 SNKPHeng  |9 303430 
700 1 |a Fekete, Roman,  |d 1963-  |4 org  |9 206400 
700 1 |a Peciar, Marián,  |d 1957-  |4 org  |9 214331 
700 1 |a Macho, Oliver,  |d 1990-  |4 org  |9 1637246 
710 2 |a Slovenská technická univerzita v Bratislave  |4 pth  |9 239337 
852 |a Štátna vedecká knižnica v Banskej Bystrici 
999 |c 693860  |d 695790 
952 |a SNK  |b SNK  |y PREZ  |7 0  |p 17A1429973  |o snkSK 288754  |i snk2020/15349  |8 0  |0 0  |1 0  |4 0  |d 2020-09-02  |l 0  |r 2026-02-23 20:34:56  |w 2026-02-23